00416nam a2200145Ia 4500003000400000008004100004040001600045082001500061100002200076245007300098700002200171260004100193300001300234650002300247GCL140319s9999 xx 000 0 eng d aGCL / cGCL04a658.2bH S1 aHIGGINS, JAMES M.10aStartegic Management: Text and Cases 5th ed. / cHIGGINS, JAMES M.1 aVINCZE, JULIAN W. a[S.N] : bTHE DRYDEN PRESS ، c1993 a1200 P P04aPLANT - MANAGEMENT